Роль подземных вод в развитии рекреационного потенциала территории Западной Тувы; Проблемы геологии и освоения недр; Т. 1

Opis bibliograficzny
Parent link:Проблемы геологии и освоения недр: труды XIX Международного симпозиума имени академика М. А. Усова студентов и молодых ученых, посвященного 70-летнему юбилею Победы советского народа над фашистской Германией, Томск, 6-10 апреля 2015 г./ Национальный исследовательский Томский политехнический университет (ТПУ), Институт природных ресурсов (ИПР) ; Общество инженеров-нефтяников, международная некоммерческая организация, Студенческий чаптер ; под ред. А. Ю. Дмитриева.— , 2015
Т. 1.— [С. 429-431]
1. autor: Иванова К. Ю.
Korporacja: Национальный исследовательский Томский политехнический университет (ТПУ) Институт природных ресурсов (ИПР) Кафедра гидрогеологии, инженерной геологии и гидрогеоэкологии (ГИГЭ)
Kolejni autorzy: Хващевская А. А. Альбина Анатольевна (научный руководитель)
Streszczenie:Заглавие с экрана
Język:rosyjski
Wydane:
Seria:Гидрогеохимия и гидрогеоэкология Земли. Геоинформационные системы в гидрогеоэкологии
Hasła przedmiotowe:
Dostęp online:http://earchive.tpu.ru/handle/11683/22295
http://www.lib.tpu.ru/fulltext/c/2015/C11/V1/192.pdf
Format: Elektroniczne Rozdział
KOHA link:https://koha.lib.tpu.ru/cgi-bin/koha/opac-detail.pl?biblionumber=614981

MARC

LEADER 00000naa2a2200000 4500
001 614981
005 20231101132833.0
035 |a (RuTPU)RU\TPU\conf\13158 
035 |a RU\TPU\conf\13157 
090 |a 614981 
100 |a 20151020d2015 k y0rusy50 ca 
101 0 |a rus 
102 |a RU 
105 |a y z 100zy 
135 |a drgn ---uucaa 
181 0 |a i  
182 0 |a b 
200 1 |a Роль подземных вод в развитии рекреационного потенциала территории Западной Тувы  |f К. Ю. Иванова  |g науч. рук. А. А. Хващевская 
203 |a Текст  |c электронный 
225 1 |a Гидрогеохимия и гидрогеоэкология Земли. Геоинформационные системы в гидрогеоэкологии 
230 |a 1 компьютерный файл (pdf; 396 Kb) 
300 |a Заглавие с экрана 
320 |a [Библиогр.: с. 431 (7 назв.)] 
337 |a Adobe Reader 
461 1 |0 (RuTPU)RU\TPU\conf\12865  |t Проблемы геологии и освоения недр  |o труды XIX Международного симпозиума имени академика М. А. Усова студентов и молодых ученых, посвященного 70-летнему юбилею Победы советского народа над фашистской Германией, Томск, 6-10 апреля 2015 г.  |o в 2 т.  |f Национальный исследовательский Томский политехнический университет (ТПУ), Институт природных ресурсов (ИПР) ; Общество инженеров-нефтяников, международная некоммерческая организация, Студенческий чаптер ; под ред. А. Ю. Дмитриева  |d 2015 
463 1 |0 (RuTPU)RU\TPU\conf\12868  |t Т. 1  |v [С. 429-431] 
610 1 |a труды учёных ТПУ 
610 1 |a электронный ресурс 
610 1 |a подземные воды 
610 1 |a рекреационный потенциал 
610 1 |a Тува 
700 1 |a Иванова  |b К. Ю. 
702 1 |a Хващевская  |b А. А.  |c гидрогеолог  |c доцент Томского политехнического университета, кандидат геолого-минералогических наук  |f 1969-  |g Альбина Анатольевна  |2 stltpush  |4 727 
712 0 2 |a Национальный исследовательский Томский политехнический университет (ТПУ)  |b Институт природных ресурсов (ИПР)  |b Кафедра гидрогеологии, инженерной геологии и гидрогеоэкологии (ГИГЭ)  |h 100  |2 stltpush  |3 (RuTPU)RU\TPU\col\18664 
801 2 |a RU  |b 63413507  |c 20210118  |g RCR 
856 4 |u http://earchive.tpu.ru/handle/11683/22295 
856 4 |u http://www.lib.tpu.ru/fulltext/c/2015/C11/V1/192.pdf 
942 |c BK